Types of Poems Quiz Stats

Quiz Updated Jul 5, 2016

Also try: Poets by Two Poems
Challenge
Share
Tweet
Embed
Score 0/14 Timer 03:00
1 Play Today
% Correct
Haiku
88.4%
Sonnet
83.9%
Epic
83.2%
Acrostic
82.1%
Limerick
80.3%
Free Verse
79.8%
Sijo
79.5%
% Correct
Ars Poetica
77.4%
Ode
77.3%
Dramatic Monologue
76%
Pastoral
70.8%
Dirge
70.1%
Romance
66.9%
Concrete Poetry
60.7%

You're not logged in!

Compare scores with friends on all Sporcle quizzes.
Join for Free
OR
Log In

You Might Also Like...

Show Comments

Extras

Top Quizzes Today


Score Distribution

Your Account Isn't Verified!

In order to create a playlist on Sporcle, you need to verify the email address you used during registration. Go to your Sporcle Settings to finish the process.

Report this User

Report this user for behavior that violates our Community Guidelines.

Details: